000 00624cam a22002293a 4500
001 2880
003 PGUSA
005 20140828083022.0
008 011001s2001||||xxu|||||s|||||000 | eng d
040 _aPGUSA
_beng
042 _adc
050 4 _aPR
100 1 _aBrowning, Robert,
_d1812-1889
245 1 2 _aA Blot in the 'Scutcheon
_h[electronic resource] /
_cRobert Browning
260 _bProject Gutenberg,
_c2001
506 _aPublic domain in the USA.
516 _aElectronic text
653 _aEnglish drama
830 0 _aProject Gutenberg
_v2880
856 4 0 _uhttp://www.gutenberg.org/ebooks/2880
942 _cEB
999 _c232210
_d232210